Desarrollo agropecuario y rural La estrategia (Registro nro. 34312)
[ vista simple ]
| 000 -ENCABEZADO | |
|---|---|
| Número de control [NR] | 00846nam a2200229Ia 4500 |
| 008 - DE LONGITUD FIJA DE DATOS DE ELEMENTOS - INFORMACIÓN GENERAL | |
| Elementos de longitud fija [NR] | 130821s2001 ck gr spa |
| 020 ## - NUMERO INTERNACIONAL NORMALIZADO PARA LIBROS [R] | |
| Número Internacional Normalizado del libro [NR] | 9589279430 |
| 040 ## - FUENTE DE CATALOGACION [NR] | |
| Agencia de catalogación original [NR] | Co-BoUCM |
| Idioma de catalogación [NR] | spa |
| 041 00 - CODIGO DE IDIOMA [R] | |
| Código de idioma para texto/pista de sonido o título separado [R] | Español |
| 110 ## - ASIENTO PRINCIPAL--NOMBRE CORPORATIVO [NR] | |
| Nombre corporativo o de jurisdicción como elemento de entrada [NR] | Misión Paz |
| ID de autoridad | 158741 |
| 245 10 - MENCION DE TITULO [NR] | |
| Título [NR] | Desarrollo agropecuario y rural La estrategia |
| Mención de responsabilidad, etc. [NR] | Misión Paz; Universidad ICESI |
| 260 ## - PUBLICACION, DISTRIBUCION, ETC. (PIE DE IMPRENTA) [R] | |
| Lugar de publicación, distribución, etc. [R] | Cali (Valle, Colombia) |
| Nombre del editor, distribuidor, etc. [R] | Universidad ICESI |
| Fecha de publicación, distribución, etc. [R] | 2001 |
| 300 ## - DESCRIPCION FISICA [R] | |
| Extensión [R] | 195 páginas |
| 504 ## - NOTA DE BIBLIOGRAFIA, ETC. [R] | |
| Nota de bibliografía, etc. [NR] | |
| 650 04 - ASIENTO SECUNDARIO DE MATERIA - TERMINO TEMATICO [R] | |
| Término temático o nombre geográfico como elemento de entrada [NR] | Agricultura |
| 9 (RLIN) | 8719 |
| 650 04 - ASIENTO SECUNDARIO DE MATERIA - TERMINO TEMATICO [R] | |
| Término temático o nombre geográfico como elemento de entrada [NR] | Agricultura |
| Subdivisión general [R] | Aspectos socioeconómicos |
| Subdivisión geográfica [R] | Colombia |
| 9 (RLIN) | 8719 |
| 650 04 - ASIENTO SECUNDARIO DE MATERIA - TERMINO TEMATICO [R] | |
| Término temático o nombre geográfico como elemento de entrada [NR] | Desarrollo agrícola |
| Subdivisión geográfica [R] | Colombia |
| 9 (RLIN) | 35939 |
| 650 04 - ASIENTO SECUNDARIO DE MATERIA - TERMINO TEMATICO [R] | |
| Término temático o nombre geográfico como elemento de entrada [NR] | Desarrollo rural |
| Subdivisión geográfica [R] | Colombia |
| 9 (RLIN) | 40789 |
| 650 04 - ASIENTO SECUNDARIO DE MATERIA - TERMINO TEMATICO [R] | |
| Término temático o nombre geográfico como elemento de entrada [NR] | Política agraria |
| Subdivisión geográfica [R] | Colombia |
| 9 (RLIN) | 21912 |
| 942 ## - ELEMENTOS DE ENTRADA AGREGADOS (KOHA) | |
| Tipo de ítem principal el descrito en 300a | Libro |
| Tema principal | Economía |
| Edición | 1 |
| Parte restante de la signatura top. | M678D |
| Sistema de clasificación | DEWEY |
| Clasificación | 338.18 |
| Fecha de último préstamo | Total préstamos | Signatura topográfica | Código de barras | Última vez visto | Ejemplar | Price effective from | Tipo de ítem | Perdido | Sistema de clasificación | Dañado | No prestable | Tipo de ítem específico | Suprimido | Ubicación habitual | Ubicación actual | Localización | Fecha de creación | Forma de adquisición | Costo |
|---|---|---|---|---|---|---|---|---|---|---|---|---|---|---|---|---|---|---|---|
| 27/08/2018 | 10 | 338.18 M678D | 100057734 | 04/12/2025 | Ej.1 | 03/02/2013 | Libro | DEWEY | Libro | Claustro | Claustro | Mezanine | 28/02/2003 | Donación | 10000.00 |